000 00732nam a2200229Ia 4500
001 9934
003 GE_BSU
008 181216s||||||||xx |||||||||||||| ||und||
040 _cGE_BSU
080 _a821.353.1–1
100 _aმიდელაური,მერი
245 _aპარნასის ყვავილები
245 _bლექსები
245 _cრედ.რ.სირაძე.მხატვ.თ.შარიფაშვილი
260 _aთბილისი
260 _bსაქართველო
260 _c1992
300 _a107გვ.16სმ.
653 _aლექსები
653 _aპარნასის ყვავილები
942 _cBK
999 _c43209
_d43209